Innovations and risk taking : (Record no. 2701)

000 -LEADER
fixed length control field 01498cam a2200361 a 4500
001 - CONTROL NUMBER
control field 1178897
003 - CONTROL NUMBER IDENTIFIER
control field OSt
005 - DATE AND TIME OF LATEST TRANSACTION
control field 20180117085947.0
008 - FIXED-LENGTH DATA ELEMENTS--GENERAL INFORMATION
fixed length control field 970102s1997 dcu b 000 0 eng
010 ## - LIBRARY OF CONGRESS CONTROL NUMBER
LC control number 97001945
020 ## - INTERNATIONAL STANDARD BOOK NUMBER
International Standard Book Number 082133882X (alk. paper)
040 ## - CATALOGING SOURCE
Original cataloging agency DLC
Transcribing agency DLC
Modifying agency DLC
043 ## - GEOGRAPHIC AREA CODE
Geographic area code cl-----
-- cc-----
050 00 - LIBRARY OF CONGRESS CALL NUMBER
Classification number JS2061
Item number .C36 1997
082 00 - DEWEY DECIMAL CLASSIFICATION NUMBER
Classification number 320.9729
Edition number 21
100 1# - MAIN ENTRY--PERSONAL NAME
Personal name Campbell, Tim,
Dates associated with a name 1943-
245 10 - TITLE STATEMENT
Title Innovations and risk taking :
Remainder of title the engine of reform in local government in Latin America and the Caribbean /
Statement of responsibility, etc. Tim Campbell.
260 ## - PUBLICATION, DISTRIBUTION, ETC.
Place of publication, distribution, etc. Washington, D.C. :
Name of publisher, distributor, etc. World Bank,
Date of publication, distribution, etc. c1997.
300 ## - PHYSICAL DESCRIPTION
Extent viii, 30 p. ;
Dimensions 28 cm.
490 1# - SERIES STATEMENT
Series statement World Bank discussion paper,
International Standard Serial Number 0259-210X ;
Volume/sequential designation no. 357
504 ## - BIBLIOGRAPHY, ETC. NOTE
Bibliography, etc. note Includes bibliographical references (p. 28-30).
650 #0 - SUBJECT ADDED ENTRY--TOPICAL TERM
Topical term or geographic name entry element Local government
Geographic subdivision Latin America.
650 #0 - SUBJECT ADDED ENTRY--TOPICAL TERM
Topical term or geographic name entry element Local government
Geographic subdivision Caribbean Area.
650 #0 - SUBJECT ADDED ENTRY--TOPICAL TERM
Topical term or geographic name entry element Political participation
Geographic subdivision Latin America.
650 #0 - SUBJECT ADDED ENTRY--TOPICAL TERM
Topical term or geographic name entry element Political participation
Geographic subdivision Caribbean Area.
650 #0 - SUBJECT ADDED ENTRY--TOPICAL TERM
Topical term or geographic name entry element Decentralization in government
Geographic subdivision Latin America.
650 #0 - SUBJECT ADDED ENTRY--TOPICAL TERM
Topical term or geographic name entry element Decentralization in government
Geographic subdivision Caribbean Area.
830 #0 - SERIES ADDED ENTRY--UNIFORM TITLE
Uniform title World Bank discussion papers ;
Volume/sequential designation 357.
906 ## - LOCAL DATA ELEMENT F, LDF (RLIN)
a 7
b cbc
c orignew
d 1
e ocip
f 19
g y-gencatlg
942 ## - ADDED ENTRY ELEMENTS (KOHA)
Source of classification or shelving scheme
Koha item type Book
Holdings
Withdrawn status Lost status Source of classification or shelving scheme Damaged status Not for loan Collection code Permanent Location Current Location Shelving location Date acquired Total Checkouts Full call number Barcode Date last seen Price effective from Koha item type
            Central Library (CL) Central Library (CL) General Stacks 03/14/2016   320.9729 CAM S3H-N-453 03/14/2016 03/14/2016 Book
© 2023 Central Library, National University of Sciences and Technology. All Rights Reserved.